000 00771mam a2200253 a 4500
001 2237796
003 ARRUPE
005 20160504122436.0
008 981015s1998 nyu 000 0 eng d
020 _a1869886127
035 _a(OCoLC)ocm40112976
040 _aOSU
_cOSU
050 _aDT433.582.N75K37 1998
100 _aKamau, Muthoni [et al]
_924323
245 1 0 _aKarimi Nduthu :
_ba life in the struggle.
_cby Kamau, Muthoni
260 _aJamaica, New York :
_bVita Books & Mau Mau Research Center,
_c1998.
300 _a100 p. ;
_c22 cm.
500 _aIncludes poetry.
650 0 _aNduthu, Karimi.
_924324
650 0 _aEducators
_zKenya
_vBiography.
_924325
651 0 _aKenya
_xPolitics and government.
_94550
942 _2lcc
_cMONOGRAPH
999 _c124788
_d124788